| 000 | 00637nam a2200205Ia 4500 | ||
|---|---|---|---|
| 005 | 20260629163253.0 | ||
| 008 | 260629s9999||||xx |||||||||||||| ||und|| | ||
| 020 |
_a9788172233334 _qpbk |
||
| 082 |
_a891.4435 _bBAN |
||
| 100 | _aBandopadhyay, Bibhutibhushan | ||
| 245 | 0 | _aPather panchali : song of the road | |
| 250 | _a1st pub. 1968 ; 11th imp. 2013 | ||
| 260 |
_aNoida _bHarperCollins Publishers _c1968 |
||
| 300 | _axx, 360p. ; 21cm. | ||
| 653 | _aBengali fiction (20th century) | ||
| 653 | _aIndia—Social life and customs—Fiction | ||
| 700 | _aClark, T.W. [tr.] | ||
| 700 | _aMukherji, Tarapada [tr.] | ||
| 942 | _cBK | ||
| 999 |
_c57271 _d57271 |
||